| 000 | 00502cam a22001457a 4500 | ||
|---|---|---|---|
| 008 | 180718b1962 xxu||||| |||| 00| 0 eng d | ||
| 082 | _aL73 St24p | ||
| 100 | _aStanback, Thomas M. | ||
| 245 |
_aPostwar cycles in manufacturers' inventories _cby Thomas M. Stanback |
||
| 260 |
_aNew York _bNational Bureau of Economic Research _c1962 |
||
| 300 | _a146p. | ||
| 440 | _aNational Bureau of Economic Research | ||
| 650 | _aBusiness cycles, Investment --USA | ||
| 700 | _aNational Bureau of Economic Research | ||
| 999 |
_c501003 _d501003 |
||